000 00763nam a2200229 4500
003 OSt
005 20240708015416.0
006 a
008 240708b |||||||| |||| 00| 0 eng d
020 _a0803611536
040 _aDWCL-HMN lib.
_cOC
082 _2Ninth edition
_aCirc. 615.1 D318d 2005
100 _aDeglin, Judith Hopeer
245 _aDavis’s drug guide for nurses /
260 _aPhiladelphia :
_bF. A. Davis Company,
_cc2005.
300 _axxxii,
_bvarious paging : ill. ;
_c21 cm.
504 _aIncludes bibliographical references and index.
650 _a1. Drugs-handbooks, manuals, etc.
650 _a2. Nursing-Handbooks, manuals, etc.
650 _a3. Clinical pharmacology-Handbooks, manuals, etc.
942 _2ddc
_n0
_cBK-CIRC
_kCirc.
999 _c2073
_d2073